| 000 | 00841nam a2200229 a 4500 | ||
|---|---|---|---|
| 001 | 40609 | ||
| 003 | BD-RjUL | ||
| 005 | 20211209053242.0 | ||
| 008 | 160507s1982 bg ||||| |||| 00| 0 ben d | ||
| 020 | _cTk. 15.00 | ||
| 035 | _a(BD-RjUL)40724 | ||
| 040 |
_aBD-RjUL _bben _cBD-RjUL |
||
| 041 | _aben | ||
| 082 |
_223 _a297.57 _bRAR 1982 |
||
| 100 |
_aরহমান, শেখ ফজলুর _9124977 |
||
| 245 | 1 | 0 |
_aরূহানী বিজ্ঞান / _cশেখ ফজলুর রহমান |
| 260 |
_aঢাকা : _bইসলামিক ফাউন্ডেশন বাংলাদেশ, _c১৯৮২ |
||
| 300 |
_a[১৬], ১৪৪ পৃ. ; _c২০ সেমি. |
||
| 650 |
_aআধ্যাত্মিক জীবন _xইসলাম _9124978 |
||
| 650 |
_aSpiritual life _xIslam _9124979 |
||
| 942 |
_2ddc _cBK |
||
| 999 |
_c40609 _d40609 |
||